Personagens MCU 4 - MULHERES A - Z - Statistics

Estatísticas Gerais
  • Esse quiz foi jogado 54 vezes
    53 desde o último reset
  • A pontuação média é 13 de 26
Estatísticas das Respostas
PERSONAGENS % Correto
I -
100%
Q -
100%
U -
100%
Z -
100%
V VALENTINA ALLEGRA DE FONTAINE | VALQUÍRIA | VANESSA CARLYSLE | VESPA | VIÚVA NEGRA
85%
C CAPITÃ CARTER | CAPITÃ MARVEL | CAROL DENVERS | CASSANDRA NOVA | CASSIE LANG | CHRISTINE EVERHART | CHRISTINE PALMER | CLEA | CORAÇÃO DE FERRO
73%
G GAMORA
70%
M MAGGIE | MAKKARI | MANTIS | MAR-VELL | MARIA HILL | MARIA RAMBEAU | MAY PARKER | MELINA VOSTOKOFF | MICHELLE JONES | MINN-ERVA | MÍSSIL ADOLESCENTE MEGASSÔNICO | MJ | MONICA RAMBEAU | MORGAN STARK | MS MARVEL | MUNEEBA KHAN
70%
N NAKIA | NATASHA ROMANOFF | NEBULOSA
64%
W WANDA MAXIMOFF | WENDY LAWSON
55%
F FRIGGA | FEITICEIRA ESCARLATE | FANTASMA
48%
S SERSI | SHARON CARTER | SHURI | SIF | SPRITE
48%
P PEGGY CARTER | PEPPER POTS | PHYLA | PODEROSA THOR | PSYLOCKE
45%
Y YELENA BELOVA | YUKIO
45%
J JANE FOSTER | JANET VAN DYNE
36%
A AJAK | AL CEGA | AMERICA CHAVEZ | ANCIÃ | ANEKA | ANTONIA DREYKOV | AVA STARR | AYESHA
30%
K KAMALA KHAN | KATE BISHOP | KATY
30%
O OKOYE
30%
H HELA | HELEN CHO | HOPE VAN DYNE
27%
X X23 | XU XIALING
27%
B B15 | BETTY BRANT | BETTY ROSS | BINÁRIA | BLIND AL
24%
R RAMONDA | RIRI WILLIAMS
24%
T THENA | TREINADORA
24%
E ELEKTRA
15%
L LADY LETAL | LAURA BARTON | LAURA KINNEY | LILA BARTON | LIZ TOOMES ALLAN | LOVE | LYLLA
15%
D DAR BENN | DARCY LEWIS
12%
Nenhum quiz correspondente encontrado
Distribuição das Pontuações
Porcentagem de Pessoas com Cada Pontuação
Percentil de Números Respondidos
Sua Pontuação Histórica
Você não jogou esse quiz desde o último reset